Optimizing the Structure of the European Union Budget Expenditure

Autor nastoľuje otázku, ktoré politiky a do akej miery by sa mali financovať z rozpočtu EÚ a / alebo z národných rozpočtov členských štátov EÚ, aby sa potvrdilo odôvodnenie a efektívnosť. Analýza existujúcich prístupov a aplikácia toho najrelevantnejšieho v snahe zachytiť súčasnú štruktúru výdavkov...

Descrizione completa

Salvato in:
Dettagli Bibliografici
Autore principale: Boiar, Andrii
Natura: Capitolo di libro
Lingua:inglese
Soggetti:
Tags: Aggiungi Tag
Nessun Tag, puoi essere il primo ad aggiungerne!!

MARC

LEADER 00000naa a2200000 4500
001 0257110
005 20221104112206.7
041 0 |a eng 
044 |a CZ 
245 1 0 |a Optimizing the Structure of the European Union Budget Expenditure  |c Andrii Boiar 
520 |a Autor nastoľuje otázku, ktoré politiky a do akej miery by sa mali financovať z rozpočtu EÚ a / alebo z národných rozpočtov členských štátov EÚ, aby sa potvrdilo odôvodnenie a efektívnosť. Analýza existujúcich prístupov a aplikácia toho najrelevantnejšieho v snahe zachytiť súčasnú štruktúru výdavkov rozpočtu EÚ. 
610 2 0 |a výdavky rozpočtu štátneho 
610 2 0 |a Európska únia 
610 2 0 |a rozpočet štátny 
610 2 0 |a financie verejné 
610 2 0 |a centralizácia kapitálu 
100 1 |a Boiar, Andrii